000
00267nam a2200109Ia 4500
001
1264709
005
20260417141947.0
008
260417s9999 xx 000 0 und d
020
_a
9786051859279
245
0
_a
İçbahçe
_c
Simla Sunay
260
_b
Everest Yayınları
999
_c
1264709
_d
1264709